Movies Quiz

Random Movies or Letter Quiz

The 'D' Movies Quiz Stats

 Plays Quiz Updated Nov 16, 2017

Score 0/24 Timer 09:00
3 Plays Today
% Correct
The Dark Knight
96.6%
The Devil Wears Prada
90.7%
The Departed
71.2%
The Day After Tomorrow
68.3%
The Dictator
66.6%
The Dukes of Hazzard
64.3%
The Doors
59.1%
The Da Vinci Code
56.9%
The Day the Earth Stood Still
46.8%
The Descendants
45.1%
The Devil's Advocate
42.6%
The Dirty Dozen
42%
% Correct
The Darjeeling Limited
30.5%
The Descent
30%
The Dark Crystal
26.6%
The Danish Girl
19.7%
The Dead Pool
19.7%
The Duchess
13.8%
The Deer Hunter
12.6%
The Defiant Ones
10.4%
The Diving Bell and the Butterfly
9.3%
The Do-Over
7.2%
The Death of the Incredible Hulk
4.2%
The Dogs of War
2.7%

You're not logged in!

Compare scores with friends on all Sporcle quizzes.
OR
Log In

You Might Also Like...

Show Comments

Extras

Top Quizzes Today


Score Distribution

Your Account Isn't Verified!

In order to create a playlist on Sporcle, you need to verify the email address you used during registration. Go to your Sporcle Settings to finish the process.

Report this User

Report this user for behavior that violates our Community Guidelines.

Details: